| Tag |
First Indicator |
Second Indicator |
Subfields |
| LEADER |
00000cam a22000001a 4500 |
| 001 |
in00003214217 |
| 006 |
m d f |
| 007 |
cr bn mmmapmmp |
| 008 |
091020s1985 dcu o f000 0 eng d |
| 005 |
20260511195147.2 |
| 035 |
|
|
|a cis2007449095
|
| 040 |
|
|
|a UMI
|c UMI
|d UtOrBLW
|
| 043 |
|
|
|a n-us---
|
| 074 |
|
|
|a 1020-A, 1020-B (microfiche)
|
| 086 |
0 |
|
|a Y 4.J 89/1:98/111
|
| 088 |
|
|
|a Serial no. 111 (United States. Congress. House. Committee on the Judiciary)
|
| 099 |
|
|
|a HRG-1983-HJH-0081
|
| 110 |
1 |
|
|a United States.
|b Congress.
|b House.
|b Committee on the Judiciary.
|b Subcommittee on Civil and Constitutional Rights.
|
| 245 |
1 |
0 |
|a Extension and authorization request for appropriations for the U.S. Commission on Civil Rights :
|b hearings before the Subcommittee on Civil and Constitutional Rights of the Committee on the Judiciary, House of Representatives, Ninety-eighth Congress, first session, on H.R. 2230 ... March 24 and April 7, 1983.
|
| 264 |
|
1 |
|a Washington :
|b U.S. G.P.O.,
|c 1985.
|
| 300 |
|
|
|a 1 online resource.
|
| 336 |
|
|
|a text
|b txt
|2 rdacontent
|
| 337 |
|
|
|a computer
|b c
|2 rdamedia
|
| 338 |
|
|
|a online resource
|b cr
|2 rdacarrier
|
| 500 |
|
|
|a Record is based on bibliographic data in ProQuest Congressional Hearings Digital Collection. Reuse except for individual research requires license from ProQuest, LLC.
|
| 538 |
|
|
|a System requirements: PDF reader software.
|
| 500 |
|
|
|a Electronic resource.
|
| 610 |
2 |
0 |
|a United States Commission on Civil Rights
|x Appropriations and expenditures.
|
| 655 |
|
7 |
|a Electronic books.
|2 local
|
| 710 |
2 |
|
|a ProQuest (Firm)
|
| 776 |
0 |
8 |
|i Print version:
|a United States. Congress. House. Committee on the Judiciary. Subcommittee on Civil and Constitutional Rights
|t Extension and authorization request for appropriations for the U.S. Commission on Civil Rights
|w (OCoLC)12603992
|w gp 85026707
|
| 776 |
0 |
8 |
|i Microfiche version:
|a United States. Congress. House. Committee on the Judiciary. Subcommittee on Civil and Constitutional Rights
|t Extension and authorization request for appropriations for the U.S. Commission on Civil Rights.
|d [Bethesda, Md.] : ProQuest,[2004]
|o CIS 85 H521-85
|w (ProQuest)cis08501099
|
| 830 |
|
0 |
|a U.S. Congressional Hearings.
|
| 856 |
4 |
0 |
|u http://proxy.library.tamu.edu/login?url=https://congressional.proquest.com/congcomp/getdoc?HEARING-ID=HRG-1983-HJH-0081
|z Connect to the full text of this electronic book
|t 0
|
| 998 |
|
|
|a cis08501099
|
| 999 |
|
|
|a MARS
|
| 999 |
f |
f |
|s 0a357f8d-4f80-37b0-9459-d1cf0e0b62b0
|i 845bc5f8-10cf-3b6b-a45f-fcff5e552f18
|t 0
|
| 952 |
f |
f |
|a Texas A&M University
|b College Station
|c Electronic Resources
|s www_evans
|d Available Online
|t 0
|e HRG-1983-HJH-0081
|h Other scheme
|
| 998 |
f |
f |
|a HRG-1983-HJH-0081
|t 0
|l Available Online
|